000 00699nam a2200229 i 4500
001 bg
100 1 _aMilewski, Witold.
245 1 0 _aElektrometalizacja /
_cWitold Milewski.
260 _aWarszawa :
_bWydawnictwa Naukowo-Techniczne,
_c1968.
300 _a230, [1] s., [2] k. tabl. złoż. :
_bil. ;
_c22 cm.
504 _aBibliogr. s. 223-[226]. Indeks.
650 9 _aPowłoki ochronne
_xtechnologia
650 9 _aPowłoki ochronne
_xbadanie
650 9 _aNatryskiwanie cieplne
_xnarzędzia i maszyny
650 9 _aInżynieria powierzchni
040 _cBPK
041 _apol
044 _aPOL
080 _a621.791/.795:620.17
942 _cKS
008 s pl f |000 0 pol
999 _c50789
_d50789
856 _uhttp://koha.tu.koszalin.pl/cgi-bin/koha/opac-detail.pl?biblionumber=50789
_yKatalog online BPK